00249nam a2200097Ia 4500008004100000100001500041245004600056250000800102260003300110300000800143191201s2012 xx 000 0 und d aRAJPUT, RK 0aEngineering Metrology and instrumentation aRep c2012bS.K.KatariaaNEW DELHI a516